00392 2200145 4500001002100000008004100021035002000062245008100082260001700163300002000180084001400200082000800214650001200222990001200234INLIS000000000001115 ind  a0010-0722000664 aKumpulan Cerita Rakyat NusantarabLengkap Dari 34 ProvinsicYustitia Angelia bLintas Media a128c14 x 20 cm a398 YUS k a398 aFolklor aDI.1831